Movies Quiz

Random Movies or Quote Quiz
Score 0/25 Timer 06:00
0 Plays Today
% Correct
My name... is Horace!
93.4%
That's 'discrimination,' jerkoid!
92.5%
Wolfman's got nards!
83.6%
Midnight, end of the world, remember?
82.3%
which you're on if you think you're getting in here!
82.3%
K-Mart?
81.9%
been dorked?
80.5%
I'll help her!
80.1%
We're the Monster Squad!
78.8%
Yes, she can do it!
78.3%
He had to wear 'em so you wouldn't see his wolf-dork.
78.3%
for last chance at some pie.
77.9%
Know any virgins?
77%
% Correct
Okay good, you do that, I'll stay here and make spooky sounds.
76.1%
Now that you mention it, I suppose I do.
75.7%
They did, he returns from the grave.
73%
What? Do I look in the index for 'big scary mansion'?
73%
but he doesn't count.
72.6%
But I don't, sir, 'cause how rude.
68.6%
Did you ask him?
66.4%
I'm in the g****** club, aren't I?
65.5%
Only one way to kill a werewolf.
64.2%
That was part 7.
63.3%
I dig it, man.
61.5%
The problem is two-thousand year old dead guys do not get up and walk away by themselves.
55.8%

You're not logged in!

Compare scores with friends on all Sporcle quizzes.
OR
Log In

Sporcle TV

Today on Sporcle TV


Watch our educational content, quiz creation guides, and fun videos on Sporcle TV.

Show Comments

Extras

Top Quizzes Today


Score Distribution

Paid Content

Your Account Isn't Verified!

In order to create a playlist on Sporcle, you need to verify the email address you used during registration. Go to your Sporcle Settings to finish the process.

Report this User

Report this user for behavior that violates our Community Guidelines.

Details: